Iniciatíva "viac žien na digitálnych pracovných pozíciách": analýza potenciálu a pracovných príležitostí pre ženy v Európskej únii
Príspevok sa zaoberá potenciálom nových pracovných príležitostí v oblasti informačných technológií nielen pre ženy. Európska únia prináša rôzne programy na podporu zamestnanosti žien a rovnaké pracovné podmienky. Rozvoj digitalizácie prinesie nové pracovné miesta a pomôže znížiť rastúcu nezamestnano...
Uložené v:
| Hlavný autor: | |
|---|---|
| Médium: | Kapitola |
| Jazyk: | Slovak |
| Predmet: | |
| Tagy: |
Žiadne tagy, Buďte prvý, kto otaguje tento záznam!
|
MARC
| LEADER | 00000nla a2200000 4500 | ||
|---|---|---|---|
| 001 | 0175889 | ||
| 005 | 20240502073012.3 | ||
| 041 | 0 | |a slo | |
| 044 | |a SK | ||
| 245 | 1 | 0 | |a Iniciatíva "viac žien na digitálnych pracovných pozíciách": analýza potenciálu a pracovných príležitostí pre ženy v Európskej únii |c Erika Jurišová |
| 520 | |a Príspevok sa zaoberá potenciálom nových pracovných príležitostí v oblasti informačných technológií nielen pre ženy. Európska únia prináša rôzne programy na podporu zamestnanosti žien a rovnaké pracovné podmienky. Rozvoj digitalizácie prinesie nové pracovné miesta a pomôže znížiť rastúcu nezamestnanosť. | ||
| 610 | 2 | 0 | |a digitalizácia |
| 610 | 2 | 0 | |a zamestnanosť |
| 610 | 2 | 0 | |a ženy |
| 610 | 2 | 0 | |a príležitosť pracovná |
| 610 | 2 | 0 | |a legislatíva |
| 610 | 2 | 0 | |a Európska únia |
| 100 | 1 | |a Jurišová, Erika | |